LEADER 01973nam a2200229 i 4500 001 000000230293 003 CaOOAMICUS 005 20221019093320.0 008 140604s1641 it u000 u lat u 013 $a209195 026 $a64it 5.4. emel denu (3) 1641 (R) 040 $aSeMil$bita 100 1 $aSherlock, Paul,$d<1595-1646>.$0(OLS)http://semarc/name/13744 245 10$aCogitationes in Salomonis Canticorum canticum, ex triplici vestigatione: humana, sacra, didactica. Volumen tertium. Auctore r.p. Paulo Sherlogo ... Indicibus obseruatiorum in varias disciplinas regularum sacrae scripturae, concionum aduentus, quadragesimae, multorum festorum, exhortationum spiritualium, aliarumque materiarum locupletatum. 300 $a[52], 612 [i.e. 604], [76] p. 500 $aSegn.: a8(-a8) b4 c6 d8 A-B4 C-3E6, A-E6 F8 (F8 bianca) 500 $aMarca editoriale: Un ippogrifo poggia su un libro chiuso sostenuto dal globo terrestre. In una cornice figurata. Motto: Sic mihi atque aliis. (O915) Sul front. 773 0 $aSherlock, Paul <1595-1646>$tAnteloquia in Salomonis canticorum canticum. Ethica pariter, & historica. Opus, in quo memoranda plurima de vtroque, sacro, & profano, sponso, hactenus, aut indeclarata penitus, aut leui aspersa luce, integro subijciuntur examini. Prodit sex indicibus locupletatum. Auctor P. Paulus Sherlogus, in Societate Iesu theologus, Hybernus Manapiensis.$dVenetiis : Apud Franciscum Baba, 1639-1641.$g3$w()30025 850 $aSeMil 852 $aSeMil$W1$xVenegono$y1$m2V V 36 FA$j180639$B180639$CSeMilBibl$Z2$F191614 $8I 996 $6245$aCogitationes in Salomonis Canticorum canticum, ex triplici vestigatione: humana, sacra, didactica. Volumen tertium. Auctore r.p. Paulo Sherlogo ... Indicibus obseruatiorum in varias disciplinas regularum sacrae scripturae, concionum aduentus, quadragesimae, multorum festorum, exhortationum spiritualium, aliarumque materiarum locupletatum$9(OLS)http://semarc/title/329068 LEADER 01642nam a2200337 i 4500 001 000000139979 003 CaOOAMICUS 005 20050606000000.0 008 050606s2004 it u000 u ita u 013 $a114171 020 $a88-7105-179-3 040 $aSeMil$bita 100 1 $aBolis, Giuseppe <1966- >.$0(OLS)http://semarc/name/55001 245 12$aL'idolatria in S. Agostino :$buna prospettiva antropologica /$cGiuseppe Bolis ; presentazione Nello Cipriani. 260 $aRoma :$bPontificio Seminario Lombardo,$c2004. 260 $aMilano :$bGlossa,$c2004. 300 $aXXVII, 420 p. ;$c24 cm. 490 0 $aDissertatio. Series Romana ;$v40 500 $aContiene : Bibliografia. 650 4$aAgostino, Aurelio - Idolatria.$0(OLS)http://semarc/subject/27545 650 4$aIdolatria - Aspetti antropologici.$0(OLS)http://semarc/subject/27546 650 4$aAgostino, Aurelio - Antropologia.$0(OLS)http://semarc/subject/27547 700 1 $aCipriani, Nello,$c.$0(OLS)http://semarc/name/20684 830 0$aDissertatio. Series Romana ;$v40.$0(OLS)http://semarc/title/252 850 $aSeMil 852 $aSeMil$W1$xVenegono$y1$m2N III 390$j93366$B93366$CSeMilBibl$Z2$F98762 $81 961 $aOmaggio: Pontificio Seminario Lombardo 996 $6020$a88-7105-179-3$9(OLS)http://semarc/number/128062 996 $6245$aL'idolatria in S. Agostino :$buna prospettiva antropologica$9(OLS)http://semarc/title/204504 996 $6260$aMilano :$bGlossa$9(OLS)http://semarc/publisher/29635 996 $6260$aRoma :$bPontificio Seminario Lombardo$9(OLS)http://semarc/publisher/29707